[Event "XXX Torre Memorial 2018"]
[Site "Merida"]
[Date "2018.12.14"]
[Round "2"]
[White "Vorontsov, Pavlo"]
[Black "Diaz Hernandez, Heriberto"]
[Result "1-0"]
[WhiteElo "2548"]
[BlackElo "2351"]
[Annotator "TA"]
[PlyCount "101"]
[EventDate "2018.12.15"]
[EventType "swiss"]
[EventCountry "MEX"]
[SourceTitle "playchess.com"]
[Source "ChessBase"]
[SourceQuality "1"]

{[%evp 17,101,-2,0,0,0,0,10,0,0,0,0,0,0,-43,42,34,102,84,77,25,154,136,147,81,83,75,91,66,164,160,160,165,161,166,161,168,166,168,166,166,173,135,167,160,163,164,179,159,180,187,185,180,179,179,238,233,216,236,225,218,278,268,304,295,418,394,625,633,613,599,654,601,720,714,613,565,541,540,533,533,1620,1568,5501,5547,5530,5527]} 1. c4 Nf6 2. Nc3 e5 3. Nf3 {[%cal Bg1f3,Bf3g5,Bg5e4][%mdl 32]} Nc6 4. e3 Bb4 5. Qc2 O-O 6. Nd5 Re8 7. a3 Bf8 8. Ng5 {A28: English Opening: Four Knights Variation} g6 9. h4 d6 {LiveBook: 4 Games} 10. Nxf6+ {The position is equal.} Qxf6 11. Ne4 Qe7 $146 ({Predecessor:} 11... Qd8 12. h5 Bg7 13. hxg6 hxg6 14. d3 d5 15. cxd5 Qxd5 {1-0 (37) Kovalenko,I (2684)-Berzinsh,R (2408) Tallinn 2017}) 12. d3 f5 13. Nc3 Be6 14. Bd2 Qf7 15. O-O-O Ne7 (15... h5 $15) 16. h5 $14 d5 (16... c6 $14) 17. hxg6 $16 hxg6 18. g4 (18. d4 $16) 18... dxc4 (18... c6 $11 {remains equal.}) 19. dxc4 Bxc4 {...Bb3 is the strong threat.} (19... fxg4 $6 20. Ne4 $11) 20. Bxc4 ({White should play} 20. gxf5 $1 Nxf5 21. Bxc4 Qxc4 22. Rdg1) 20... Qxc4 21. gxf5 Nxf5 22. Rdg1 Kf7 (22... Ne7 $1 $14) 23. Rh7+ $18 Bg7 24. Rxg7+ $1 Kxg7 25. Qxf5 $1 Qf1+ 26. Rxf1 {Rg1 would kill now.} gxf5 27. e4 fxe4 28. Nxe4 Kg6 29. Bc3 Kf5 30. Re1 Rad8 31. Ng3+ Kf4 32. Re3 Rd7 33. Ne2+ Kf5 {[#]} 34. f4 $1 {[%mdl 512]} e4 (34... exf4 35. Rxe8) 35. Be5 Rd3 (35... Rxe5 {was worth a try.} 36. fxe5 Kxe5) 36. Ng3+ Ke6 ({Don't play} 36... Kg4 37. Nxe4 Rxe3 38. Nf6+ Kf3 39. Nxe8) 37. Rxd3 exd3 {[#]} 38. Kd2 $1 Kd5 39. Kxd3 ({Less strong is} 39. Bxc7 Rg8 $16) 39... c5 40. Ne4 {Strongly threatening Nf6+.} c4+ (40... Kc6 {was necessary.} 41. Nf6 Re7) 41. Ke3 {And now Nf6+ would win.} Rd8 (41... Rf8 $142 42. Nc3+ Kc6) 42. Nf6+ {White is clearly winning.} Ke6 43. Ke4 Rd2 44. f5+ Kf7 45. Ng4 Re2+ 46. Kf3 Re1 47. Bc3 Rf1+ 48. Ke4 b5 49. Nh6+ Ke7 50. f6+ {[%cal Bf5f6,Bf6f7][%mdl 32]} Ke6 51. f7 {Accuracy: White = 83%, Black = 27%.} 1-0

[Event "XXX Torre Memorial 2018"]
[Site "Merida"]
[Date "2018.12.14"]
[Round "2"]
[White "Figueredo Losada, Leonel"]
[Black "Bok, Benjamin"]
[Result "0-1"]
[WhiteElo "2363"]
[BlackElo "2643"]
[Annotator "TA"]
[PlyCount "112"]
[EventDate "2018.12.15"]
[EventType "swiss"]
[EventCountry "MEX"]
[SourceTitle "playchess.com"]
[Source "ChessBase"]
[SourceQuality "1"]

{[%evp 27,112,14,22,22,26,23,0,16,23,11,85,109,163,165,152,141,141,159,174,118,176,173,175,178,211,115,111,92,106,87,139,53,85,70,83,87,87,87,99,113,118,124,105,95,406,0,0,-95,-77,-81,-39,-55,-30,-90,-101,-88,-87,-111,-111,-121,-131,-126,-133,-138,-110,-134,-112,-391,-391,-29984,-703,-581,0,-29984,-29984,-29969,-5069,-1829,-365,-263,0,-1500,-1089,-5069,-4590,-4133,-4132]} 1. d4 d5 2. Nf3 Nf6 3. c4 e6 4. Nc3 c6 5. Bg5 {[%cal Bc1g5,Bg5h4,Bh4g3,Bg3d6][%mdl 32]} h6 6. Bh4 dxc4 7. e4 g5 8. Bg3 b5 9. Be2 Bb7 10. O-O Nbd7 11. Ne5 {D43: Semi-Slav: 5 Bg5 h6} Bg7 12. Nxd7 Nxd7 13. Bd6 a6 14. a4 b4 {LiveBook: 15 Games} 15. Nb1 Nf6 16. e5 Ne4 $1 {[%cal Re4d6]} 17. Bxb4 {Hoping for Ba3.} c5 $1 {[%cal Rc5b4]} 18. Ba3 $1 {Strongly threatening f3.} cxd4 {[#]} (18... g4 $11) 19. Bf3 $146 g4 (19... Rc8 $16 {was worth a try.}) 20. Bxe4 $1 $18 Bxe4 21. Qxg4 Bg6 22. Bd6 $1 Qb6 23. Nd2 ({White should play} 23. Na3 $18) 23... c3 (23... Rc8 $16 {might work better.}) 24. Nc4 $1 {[%cal Rc4b6]} Qc6 25. Qxd4 c2 26. Rac1 (26. Ra3 $1 $18) 26... Bf8 27. f4 Rd8 28. Rf2 Rg8 29. Re2 (29. Qc3 $16) 29... Qxa4 30. Qc5 Qb5 31. Bxf8 $1 Rxf8 32. Qc7 Rd1+ 33. Re1 Qd7 {[#]} 34. Nd6+ $1 Ke7 35. Qc5 Rxd6 $2 {[%mdl 8192]} (35... Rxe1+ $16 {is more resistant.} 36. Rxe1 Rh8) 36. exd6+ $2 (36. f5 $1 $18 {[%cal Rf5g6]} Bxf5 37. exd6+ Kf6 38. Qd4+ e5 39. Rxe5) 36... Qxd6 $11 37. Qa5 (37. Qxd6+ $11 {remains equal.} Kxd6 38. g4) 37... Qxf4 38. Qxa6 Rb8 39. Qa3+ Qd6 {[%mdl 1024] Black has compensation.} 40. Qh3 (40. Ra1 $11) 40... Qd4+ $17 41. Kh1 h5 42. b3 Rc8 {Threatens to win with ...Rc3.} 43. Qf3 Rc3 44. Qb7+ Kf6 45. b4 Bf5 46. Rf1 Kg7 47. b5 $2 {[%mdl 8192]} (47. Qe7 $17) 47... h4 $19 48. Rf3 $2 (48. h3 $19 Rxh3+ 49. gxh3 Be4+ 50. Qxe4 Qxe4+ 51. Kh2) 48... Qd1+ (48... h3 $142 49. Rxf5 exf5 50. Qe7 hxg2+ 51. Kxg2 Qd2+ 52. Qe2 Qxe2+ 53. Kh1 Qd1+ 54. Kg2 Qxc1 55. h4 Qd2+ 56. Kh1 c1=Q#) 49. Rf1 {[#]} Qd4 $40 {[%mdl 128] Black has some attack.} (49... Qxf1+ $1 $19 {[%mdl 512]} 50. Rxf1 c1=Q) 50. Rf3 $1 h3 51. Rff1 hxg2+ (51... Kh6 $142 52. Rfe1 Re3 53. Rg1 Be4 54. Qxf7 hxg2+ 55. Rxg2 Bxg2+ 56. Kxg2 Qd2+ 57. Qf2 Re2 58. Qxe2 Qxe2+ 59. Kh1 Qf3+ 60. Kg1 Qe3+ 61. Kg2 Qxc1 62. Kf3 Qf1+ 63. Ke4 c1=Q 64. Ke5 Qc5+ 65. Kxe6 Qff5#) 52. Qxg2+ Kf8 $2 (52... Kh6 {aiming for ...Be4.} 53. Rxf5 exf5) 53. Qa8+ Kg7 $2 (53... Ke7 54. Qb7+ Kd6) 54. Qg2+ $1 Kh6 {And now ...Be4 would win.Black is clearly winning.} 55. Rfe1 Re3 {( -> ...Be4)} 56. Rxe3 Qxe3 {Precision: White = 43%, Black = 57%.} 0-1

[Event "XXX Torre Memorial 2018"]
[Site "Merida"]
[Date "2018.12.14"]
[Round "2"]
[White "Medina Diaz, Rafael Alejandro"]
[Black "Baryshpolets, Andrey"]
[Result "1/2-1/2"]
[WhiteElo "2356"]
[BlackElo "2578"]
[Annotator "TA"]
[PlyCount "81"]
[EventDate "2018.12.15"]
[EventType "swiss"]
[EventCountry "MEX"]
[SourceTitle "playchess.com"]
[Source "ChessBase"]
[SourceQuality "1"]

{[%evp 16,81,4,-17,2,12,26,-8,-24,-45,-17,-70,-66,-70,-66,-62,-57,-61,-49,-74,-32,-58,-9,-6,-14,-39,-43,-51,-50,-47,-47,-41,-25,-24,-13,-61,-27,-38,-31,-96,-77,-101,-77,-92,-50,-50,-50,-50,-52,-90,-93,-149,-54,-164,-147,-130,0,0,2,11,420,122,802,0,7,8,8,-29980]} 1. e4 e6 2. d4 d5 3. Nd2 c5 4. Ngf3 cxd4 5. Nxd4 Nc6 6. Bb5 Bd7 7. Nxc6 bxc6 8. Bd3 Qc7 9. c4 {LiveBook: 4 Games. C07: French Tarrasch: 3...c5, 4 Ngf3 and 4 exd5 Qxd5} d4 10. O-O Bd6 11. Nf3 $146 {White has an edge.} ({Predecessor:} 11. Qg4 Bxh2+ 12. Kh1 h5 13. Qxg7 Be5 14. Qg5 Bf6 15. Qc5 Nh6 16. f4 {0-1 (39) Karthikeyan,P (2507)-Wang,H (2683) Sharjah 2017}) 11... e5 12. Bd2 a5 13. Rc1 (13. Nh4 $11) 13... c5 $1 $15 14. Bc2 a4 15. Ne1 Ne7 16. Nd3 O-O 17. f4 f6 18. fxe5 fxe5 19. Rxf8+ Kxf8 20. Qh5 Kg8 $1 21. b4 axb3 $1 22. axb3 Be8 23. Qg4 Bf7 24. b4 Ng6 {[%cal Be7g6,Bg6f8,Bf8d7][%mdl 32]} ({Not} 24... Bxc4 $2 25. bxc5 Kh8 26. cxd6 $18) 25. Bb1 Ra1 26. Qd1 Nf8 $36 {[%mdl 2048] Black fights for an advantage.} 27. Qb3 (27. bxc5 $15 Bxc5 28. Nxc5 Qxc5 29. Bd3 Rxc1 30. Bxc1) 27... Nd7 28. h3 Qa7 29. Kh2 Bg6 30. bxc5 Nxc5 31. Nxc5 Ra3 32. Qb7 Qxc5 33. Qb2 (33. Rc2 $142) 33... d3 (33... h6 $17 {Threatens to win with ...Kh7.} 34. Qb7 Kh7) 34. Qb7 ({Better is} 34. Re1 $1 $15) 34... Ra7 35. Qb5 Qf2 (35... Bxe4 $17 36. Qe8+ Bf8 37. Qe6+ Rf7) 36. Qd5+ $11 {[%mdl 64] [#] Double Attack} Rf7 37. Qxd3 Qc5 $2 {[%mdl 8192]} (37... Bc5 $11 {and Black stays safe.}) 38. Qd5 $2 (38. Be3 $18 {and the rest is easy.} Qa3 39. c5 Qxd3 40. Bxd3) 38... Qf2 $2 {[%mdl 8192]} (38... Qxd5 $16 39. cxd5 Rf2) 39. Qd3 $2 (39. Qxd6 $18 h6 40. c5) 39... Bxe4 40. Qxe4 Qxd2 41. Kg1 $4 {[%mdl 40960] Accuracy: White = 28%, Black = 36%. . An unexpected result.} (41. Rc2 $11 Qd4 42. Re2) 1/2-1/2

[Event "XXX Torre Memorial 2018"]
[Site "Merida"]
[Date "2018.12.14"]
[Round "2"]
[White "Lopez Gonzalez, Abel Fabian"]
[Black "Gonzalez Vidal, Yuri"]
[Result "1/2-1/2"]
[WhiteElo "2353"]
[BlackElo "2553"]
[Annotator "TA"]
[PlyCount "79"]
[EventDate "2018.12.15"]
[EventType "swiss"]
[EventCountry "MEX"]
[SourceTitle "playchess.com"]
[Source "ChessBase"]
[SourceQuality "1"]

{[%evp 21,79,0,36,0,11,0,-8,-28,0,0,0,0,0,0,0,0,18,19,8,12,6,0,0,0,0,0,0,0,0,-13,0,-5,0,0,0,0,0,0,0,0,0,0,0,0,0,0,0,-7,0,0,0,0,0,0,0,0,0,0,0,0]} 1. e4 c5 2. Nf3 Nc6 3. Bb5 g6 4. Bxc6 bxc6 5. O-O Bg7 6. Re1 Nh6 7. c3 O-O 8. d4 cxd4 9. cxd4 d5 10. e5 {B31: Sicilian: 2...Nc6 3 Bb5 g6} f6 11. e6 Nf5 {LiveBook: 11 Games} 12. Nbd2 $146 {[%cal Bb1d2,Bd2b3,Bb3c5][%mdl 32] White is slightly better.} ({Predecessor:} 12. Nc3 Qd6 13. Qe2 Qb4 14. a3 Qb3 15. h4 a5 16. Bf4 Ba6 17. Qd2 h5 {1-0 (34) Saric,I (2677)-Saric,A (2541) Pozega 2018}) 12... Qd6 13. Qe2 a5 14. g4 Nh6 (14... Ba6 $5 15. Qd1 $8 Nh6 $11) 15. h3 {The position is equal.} Ba6 16. Qd1 $1 Bc8 17. Nb3 Bxe6 18. Qe2 $1 {[%cal Re2e6]} Bd7 {White must now prevent ...Rfe8.} 19. Qxe7 Nf7 20. Nc5 Bc8 21. Qxd6 (21. Kg2 {keeps more tension.} f5 22. g5 f4 23. Bd2 Bf5 24. Qxd6 Nxd6 25. Ne5) 21... Nxd6 22. Bf4 Ne4 $1 23. Rac1 Nxc5 24. Rxc5 Bd7 25. a4 Ra7 26. Bd6 Rc8 27. Re3 Rd8 28. Rb3 Bxg4 29. Bb8 Ra8 30. hxg4 {[#] aiming for Bc7.} Rdxb8 31. Rxb8+ Rxb8 32. Rxc6 $11 {[%mdl 4096] Endgame KRB-KRN} Rb4 33. Rc5 Rxa4 34. Rxd5 Rb4 35. Rxa5 Rxb2 36. Ra8+ Kf7 37. Ra7+ Kg8 38. Kg2 Rb5 39. Rd7 Bf8 40. Nd2 {Accuracy: White = 70%, Black = 73%.} 1/2-1/2

[Event "XXX Torre Memorial 2018"]
[Site "Merida"]
[Date "2018.12.14"]
[Round "2"]
[White "Perez Leiva, Jerzy Jesus"]
[Black "Theodorou, Nikolas"]
[Result "0-1"]
[WhiteElo "2313"]
[BlackElo "2546"]
[Annotator "TA"]
[PlyCount "72"]
[EventDate "2018.12.15"]
[EventType "swiss"]
[EventCountry "MEX"]
[SourceTitle "playchess.com"]
[Source "ChessBase"]
[SourceQuality "1"]

{[%evp 15,72,0,7,-1,6,0,0,0,0,0,0,0,0,-22,0,-4,-5,-25,-36,-50,-56,-50,-35,-26,-20,-48,-44,-60,-60,-60,-49,-50,-71,-53,-18,-130,-116,-203,-202,-208,-222,-217,-125,-125,-125,-216,-206,-199,-213,-205,-207,-205,-160,-418,-420,-424,-422,-564,-543]} 1. e4 c5 2. Nf3 d6 3. d4 cxd4 4. Nxd4 Nf6 5. Nc3 a6 6. Be2 e5 7. Nf3 Be7 8. Bg5 O-O {LiveBook: 6 Games. B92: Sicilian Najdorf: 6 Be2} (8... Nbd7 9. a4 h6 10. Be3 Ng4 11. Bc1 Ngf6 12. O-O Nc5 13. Nd2 Be6 14. b3 O-O 15. Bb2 Qc7 16. Bf3 Rfd8 {0-1 (72) Grischuk,A (2766)-Vachier Lagrave,M (2779) Saint Louis 2018}) 9. Bxf6 Bxf6 10. Nd5 Nd7 {The position is equal.} 11. Nd2 Nc5 12. b4 Na4 $146 ({Predecessor:} 12... Ne6 13. Nc4 b5 14. Nce3 Bb7 15. O-O Rc8 16. a4 {1-0 (46) Gerdes,J (1492)-May,A (1373) Willingen 2018}) 13. c4 Nb6 14. O-O Nxd5 15. cxd5 Bg5 16. Nc4 f5 17. Bf3 Qc7 18. Qb3 Kh8 19. a4 {[%cal Ba2a4,Ba4a5][%mdl 32]} Bd7 $36 {[%mdl 2048] Black is pushing.} 20. Ne3 fxe4 21. Rac1 Qb6 22. a5 $1 {[%cal Ra5b6]} Qa7 23. Bxe4 Bb5 {aiming for ...Rf4.} 24. Rfe1 Qd4 (24... Rf4 $5 {[%cal Rf4e4]} 25. f3 Rff8 $17) 25. Qc2 (25. Nf5 $1 $11 {keeps the balance.} Rxf5 26. Bxf5 Bxc1 27. Rxc1) 25... Qxb4 $17 26. Rb1 (26. h4 $17 Bh6 27. h5) 26... Qxa5 $19 27. Bxh7 Rac8 $1 {[%cal Rc8c2]} 28. Qg6 Bh6 ({Don't do} 28... Bxe3 29. fxe3 Rf6 30. Qg3 $17) ({Better is} 28... Qd2 $19 29. Nf5 (29. Qxg5 $2 Qxf2+ 30. Kh1 Kxh7 $19) 29... Bh6 30. Nxh6 gxh6) 29. Ng4 $17 Qd2 30. Nxh6 (30. f3 $17) 30... gxh6 $19 ({Much less strong is} 30... Qxh6 31. Qxh6 gxh6 32. Be4 $17) 31. f3 Qd4+ $1 ({Not} 31... Qxd5 32. Qxh6 Qd4+ 33. Kh1 $11) 32. Kh1 Qf4 33. Qe4 Qf6 {Hoping for ...Rc7.} 34. Rbc1 $2 (34. Rb2 $17 {might work better.}) 34... Rxc1 35. Rxc1 {[#]} Qg7 $1 36. Bf5 {[#]} Qg5 $1 {[%csl LRc1,LRf5][%mdl 64] Double Attack. Accuracy: White = 46%, Black = 88%.} 0-1

[Event "XXX Torre Memorial 2018"]
[Site "Merida"]
[Date "2018.12.14"]
[Round "2"]
[White "Herrera, Juan Sebastian"]
[Black "Gonzalez Zamora, Juan Carlos"]
[Result "0-1"]
[WhiteElo "2306"]
[BlackElo "2538"]
[Annotator "TA"]
[PlyCount "76"]
[EventDate "2018.12.15"]
[EventType "swiss"]
[EventCountry "MEX"]
[SourceTitle "playchess.com"]
[Source "ChessBase"]
[SourceQuality "1"]

{[%evp 17,76,51,73,73,105,53,43,32,41,0,-6,-11,-6,-117,-118,-109,-97,-97,-92,-95,-95,-78,-38,-103,-113,-121,-118,-114,-118,-112,-84,-113,-102,-156,-137,-156,-142,-200,-211,-207,-183,-191,-198,-232,-247,-243,-230,-233,-244,-238,-244,-377,-375,-370,-355,-355,-342,-586,-569,-29994,-29995]} 1. d4 Nf6 2. c4 e6 3. Nc3 Bb4 4. f3 c5 5. d5 d6 6. e4 Qe7 {E20: Nimzo-Indian: 4 g3 and 4 f3} (6... O-O 7. Nge2 b5 8. Ng3 exd5 9. cxd5 a6 10. a4 Ba5 11. Be2 Nbd7 12. O-O c4 13. Kh1 Rb8 14. axb5 axb5 15. Nf5 Nc5 16. Rxa5 Qxa5 {1-0 (37) Mamedyarov,S (2772)-Li,R (2577) chess.com INT 2017}) 7. Nge2 {[%cal Bg1e2,Be2g3,Bg3h1][%mdl 32]} Nbd7 8. Ng3 Bxc3+ 9. bxc3 Nf8 {LiveBook: 3 Games} 10. Bd3 h5 $146 {[%cal Bh7h5,Bh5h4][%mdl 32]} ({Predecessor:} 10... e5 11. Qa4+ Kd8 12. O-O Ng6 13. Nf5 Bxf5 14. exf5 Nf4 15. Bxf4 exf4 {½-½ (41) Golod,V (2590)-Gershon,A (2502) Tel Aviv 2000}) 11. O-O ({White should play} 11. h4 $1 $16) 11... h4 $14 12. Nh1 e5 13. a4 Nh5 14. Ra2 Ng6 15. g3 (15. Re1 $11) 15... hxg3 $17 16. hxg3 Nhf4 {Threatens to win with ...Nh3+.} 17. Rh2 {[#]} Rxh2 $1 18. Kxh2 Nxd3 19. Qxd3 Bd7 20. a5 ({Better is} 20. Qc2 $15) 20... O-O-O 21. Nf2 Rh8+ 22. Kg2 Qd8 23. a6 b6 24. Bd2 Kc7 25. Ra1 {[#]} (25. Be3 $142) 25... Rh5 $1 26. Qc2 Qh8 27. Rh1 (27. Rg1 $17 {was necessary.}) 27... Rxh1 $19 28. Nxh1 Qh3+ 29. Kg1 f5 30. Be1 f4 31. Qd2 Bc8 32. Qa2 fxg3 33. Bxg3 Qh6 34. Kg2 (34. Qc2 {was worth a try.}) 34... Bh3+ 35. Kg1 Qc1+ 36. Kh2 Bd7 ({Worse is} 36... Qxc3 37. Kxh3 Qxf3 38. Kh2 $11) 37. Qb3 $2 (37. Qe2 {is a better defense.}) 37... Qf1 38. Nf2 Nf4 {Accuracy: White = 23%, Black = 89%.} 0-1

[Event "XXX Torre Memorial 2018"]
[Site "Merida"]
[Date "2018.12.15"]
[Round "3"]
[White "Bok, Benjamin"]
[Black "Miranda Mesa, Elier"]
[Result "1/2-1/2"]
[WhiteElo "2643"]
[BlackElo "2499"]
[Annotator "TA"]
[PlyCount "240"]
[EventDate "2018.12.15"]
[EventType "swiss"]
[EventCountry "MEX"]
[SourceTitle "playchess.com"]
[Source "ChessBase"]
[SourceQuality "1"]

{[%evp 19,240,11,13,11,12,12,9,13,21,7,12,3,11,10,32,32,32,32,32,32,32,29,32,27,37,31,37,36,36,57,63,45,58,42,79,66,72,75,77,75,103,99,101,104,105,88,88,88,88,88,123,88,118,88,88,0,122,113,100,113,104,96,95,102,114,88,88,88,88,88,88,88,88,0,0,0,93,88,104,88,113,113,113,113,113,92,90,90,113,94,113,113,113,97,109,83,83,83,83,83,83,83,83,83,83,83,83,83,83,83,83,83,83,83,83,83,83,83,83,83,83,83,83,83,83,83,83,83,83,83,83,83,83,83,83,83,83,83,83,83,83,83,83,83,83,0,90,90,90,90,90,90,90,0,90,0,90,90,90,90,91,91,91,0,90,0,90,0,91,0,0,0,90,0,90,0,91,0,91,0,91,0,91,0,91,0,91,0,0,0,91,91,91,0,90,0,90,90,91,91,91,91,91,0,91,0,90,90,90,90,90,90,90,60,68,77,86,86,86,0,0,243,0]} 1. c4 c6 2. Nf3 d5 3. e3 Nf6 4. Nc3 a6 5. d4 Bf5 6. Be2 {D15: Slav Defence: 4 Nc3 a6 and gambit lines after 4 Nc3 dxc4} (6. Bd3 Bxd3 7. Qxd3 e6 8. O-O Bb4 9. Bd2 O-O 10. Nxd5 Nxd5 11. cxd5 Bxd2 12. Qxd2 exd5 13. Ne5 Re8 {½-½ (46) Vallejo Pons,F (2707)-So,W (2780) Leon 2018}) 6... h6 7. Bd3 Bxd3 8. Qxd3 e6 9. O-O Bb4 10. Bd2 O-O {LiveBook: 27 Games} 11. Rfd1 Ba5 12. a4 Nbd7 {[%cal Bb8d7,Bd7b6,Bb6c4][%mdl 32]} 13. Rab1 Re8 14. Be1 $146 Rc8 15. b4 Bc7 16. e4 {[%cal Be3e4,Be4e5][%mdl 32]} Nb6 17. cxd5 cxd5 18. e5 Nfd7 19. Nd2 Bb8 20. a5 Nc4 21. Na4 f6 22. exf6 Qxf6 23. Nc5 Nxc5 24. bxc5 Nxa5 25. Nf3 Nc4 26. Rxb7 e5 27. dxe5 Nxe5 28. Qxd5+ Kh8 {With the idea ...Rcd8.} 29. Nxe5 $1 Rxe5 30. Qb3 Ree8 31. g3 Be5 32. Rb6 Qf5 33. c6 Bd4 34. Rxd4 Rxe1+ 35. Kg2 Rc1 36. Rf4 Qe5 37. Rxa6 (37. Qd3 $16) 37... Qd6 (37... Qe2 $11 38. Rb6 Qf1+ 39. Kf3 Rd8) 38. Qf3 R1xc6 39. Rxc6 Rxc6 $16 {[%mdl 4096] Endgame KQR-KQR} 40. Rf8+ Kh7 41. h4 Qe6 42. h5 Rd6 43. Kh2 {Qa8 would kill now.} Rd5 44. Kg1 Qe1+ 45. Kg2 Qe6 46. Kh2 (46. g4 $16) 46... Qe5 $11 47. Kg2 ({White should try} 47. Qb3 $11 Qe4 48. g4 $1 {[%mdl 512]}) 47... Qe6 $1 $16 48. Rf4 Rd8 49. Re4 Qd6 50. Qf5+ Kh8 51. Qg6 Qd7 52. Rf4 Kg8 53. Kh2 Qe7 54. Qf5 Re8 55. Qd5+ Qe6 56. Qb5 Rd8 57. Qb7 (57. Qc5 {is interesting.} Re8 58. Qb4 Qe5 59. Qb3+ Kh7 60. Qd1) 57... Qd5 58. Qxd5+ Rxd5 {KR-KR} 59. g4 Ra5 60. Kg3 Rb5 61. Rf5 Rb4 62. f3 Ra4 63. Re5 Kf7 64. Re4 Ra5 65. Kf4 Kf6 66. Rd4 Ra6 67. Rd7 Ra4+ 68. Ke3 Rb4 69. Rd4 Rb5 70. Rf4+ Ke6 71. Rf8 Ke7 72. Rf5 Rb4 73. Rd5 Kf6 74. Rd6+ Ke7 75. Rd4 Rb5 76. Ke4 Ke6 77. Ra4 Kf6 78. Ra6+ Kf7 79. Rd6 Ra5 80. f4 Rb5 81. Rd5 Rb6 82. g5 (82. Ra5 $16) 82... hxg5 (82... Re6+ $1 $11 83. Re5 Ra6 84. g6+ Kf8 85. Rf5+ Kg8) 83. fxg5 Rb7 84. Kf4 Ra7 85. Rb5 Rc7 86. Rd5 Ra7 $1 87. Rb5 Rc7 $1 88. Rb4 Ra7 89. Kg4 Ra8 90. Rb7+ Kg8 91. Re7 (91. g6 $16) 91... Rb8 (91... Ra4+ $11 92. Kf3 Kf8) 92. Kf4 (92. g6 $1 $16) 92... Ra8 (92... Rb4+ $11 93. Kf3 Rb3+ 94. Kf4 Rb4+ 95. Kf3 Kf8) 93. Rd7 (93. g6 $1 $16) 93... Rb8 (93... Ra4+ $11 94. Ke5 Ra1) 94. Ke5 (94. g6 $16) 94... Rb5+ $11 95. Rd5 Rb6 (95... Rxd5+ $1 $11 96. Kxd5 Kf7) 96. Ra5 (96. g6 $1 $16 {[%cal Rd5d8]} Rb8 97. Rd7) 96... Rb8 (96... Kh7 $1 $11) 97. Kf5 (97. g6 $1 $16) 97... Rc8 (97... Kh7 $1 $11 {keeps the balance.}) 98. Rd5 (98. g6 $1 $16) 98... Re8 (98... Kh7 $1 $11) 99. Rd6 (99. g6 $16) 99... Ra8 (99... Kh7 $1 $11) 100. Rd5 Re8 101. Ra5 (101. g6 $16) 101... Rb8 {[#]} (101... Rc8 $11) 102. Rc5 (102. g6 $1 $16) 102... Re8 (102... Kh7 $1 $11) 103. Rd5 (103. g6 $16) 103... Kh7 $1 104. Rd7 Kg8 (104... Rf8+ $11 105. Ke6 Ra8) 105. Rc7 $16 Ra8 106. Ke6 (106. g6 $16) 106... Re8+ (106... Ra6+ $11 {remains equal.} 107. Ke5 Ra5+ 108. Kf4 Ra8) 107. Kd6 ({White should play} 107. Kd7 $16 Re1 108. g6 Rd1+ 109. Ke6 Re1+ 110. Kd5 Rd1+ 111. Ke4 Re1+ 112. Kd4 Rd1+ 113. Ke3 Re1+ 114. Kd3 Rd1+ 115. Ke2) 107... Kf8 (107... Kh7 $11) 108. Rb7 Rd8+ 109. Ke6 Re8+ 110. Kf5 Kg8 111. Rc7 Ra8 112. Ke6 Re8+ 113. Kd7 Re5 {[#]} 114. g6 $1 {Threatening mate with Rc8+.} Rf5 115. Rc8+ Rf8 116. Rxf8+ Kxf8 117. Ke6 {Kd7 is the strong threat.} Kg8 118. Ke7 Kh8 119. h6 ({Better is} 119. Kd6 $16 {aiming for Ke6.} Kg8 120. Kd5) 119... Kg8 $11 120. h7+ Kh8 {Accuracy: White = 53%, Black = 62%.} 1/2-1/2

[Event "XXX Torre Memorial 2018"]
[Site "Merida"]
[Date "2018.12.15"]
[Round "3"]
[White "Theodorou, Nikolas"]
[Black "Fernandez Guillen, Ernesto J."]
[Result "1-0"]
[WhiteElo "2546"]
[BlackElo "2401"]
[Annotator "TA"]
[PlyCount "69"]
[EventDate "2018.12.15"]
[EventType "swiss"]
[EventCountry "MEX"]
[SourceTitle "playchess.com"]
[Source "ChessBase"]
[SourceQuality "1"]

{[%evp 17,69,-2,-1,6,32,0,0,-27,-21,-18,7,10,27,18,32,13,52,52,52,45,57,62,83,83,78,39,20,20,35,38,39,60,61,7,18,0,0,0,0,0,0,0,0,-8,-8,-79,-8,-69,0,0,1106,1104,1103,1058]} 1. d4 Nf6 2. c4 g6 3. Nf3 Bg7 4. g3 c5 5. d5 d6 6. Bg2 b5 7. O-O bxc4 8. Nfd2 {E60: King's Indian: Unusual lines and Fianchetto Variation without Nc3} O-O 9. Nxc4 Ba6 {LiveBook: 6 Games} (9... a5 10. a4 Na6 11. Bd2 Nb4 12. Bc3 Bb7 13. e4 Qc7 14. Nba3 Ba6 15. Re1 Nd7 16. Bxg7 Kxg7 {1-0 (57) Inarkiev,E (2660)-Lagno,K (2523) Moscow 2015}) 10. Nba3 {The position is equal.} Nfd7 11. Bd2 $146 ({Predecessor:} 11. Rb1 Ne5 12. Nxe5 Bxe5 13. Bh6 Re8 14. Qd2 Nd7 15. Rfc1 Nb6 {0-1 (44) Tavares da Silva,L-Gadia,O Rio de Janeiro 1965}) 11... Nb6 12. Qc2 Nxc4 13. Nxc4 Nd7 {[%cal Bb8d7,Bd7e5,Be5g4][%mdl 32]} 14. Na5 Re8 (14... Bxe2 $6 15. Rfe1 $16) 15. Bc3 Qb6 16. Rfe1 Ne5 17. b3 Rac8 18. Rac1 e6 19. Qd2 Ng4 20. Bxg7 Kxg7 21. h3 Nf6 22. e4 exd5 23. exd5 Rxe1+ 24. Rxe1 c4 25. bxc4 ({White should play} 25. Nc6 $1 $14) 25... Rc5 $1 $11 26. Nc6 Bxc4 27. Nd4 {[#] White threatens Nf5+! and mate.} h6 28. Re7 Kf8 ({Avoid the trap} 28... Nxd5 $2 29. Ne6+ Kf6 30. Re8 $18) 29. Qe3 {Rxf7+! is the strong threat.} Bxd5 30. Bxd5 $40 {[%mdl 128] White has some attack.} Nxd5 ({Don't play} 30... Rxd5 $6 31. Rxa7 Qb1+ 32. Kh2 $16) 31. Re8+ Kg7 32. Qe4 (32. Ne6+ $1 $11 fxe6 33. Qxe6 Rc1+ 34. Kg2 Nf4+ 35. gxf4 Qb7+ 36. Qe4 Qxe4+ 37. Rxe4) 32... Nf6 (32... Qc7 $15) 33. Qe7 $1 {[%cal Re7f8]} Rc1+ $2 {[%mdl 8192]} ({Don't go for} 33... Qb1+ $2 34. Kh2 $18) (33... g5 $11 34. Ne6+ Kg6 35. Nxc5 Nxe8) 34. Kg2 $18 {[#] Intending Qf8+ and mate.} g5 35. Rf8 {Accuracy: White = 64%, Black = 54%.} 1-0